|
|
|
|
| LEADER |
00000cam a2200000 a 4500 |
| 001 |
vtls010348551 |
| 003 |
SK-MaSNL |
| 005 |
20260301102358.0 |
| 008 |
240314s2012 xo a 000 0 slo |
| 015 |
|
|
|a SNBE2013
|
| 020 |
|
|
|a 9788097095420
|q (hrebeňová väzba)
|
| 040 |
|
|
|a SNK
|b slo
|c SNK
|e AACR2
|
| 041 |
0 |
|
|a slo
|
| 043 |
|
|
|a e-xo---
|
| 044 |
|
|
|a xo
|c SK
|
| 072 |
|
7 |
|a 929.5/.9
|x Genealógia. Heraldika. Šľachta. Vlajky
|2 konspekt
|
| 080 |
|
|
|a 929.6
|2 2001
|
| 080 |
|
|
|a (437.6)
|2 2001
|
| 080 |
|
|
|a (036)
|2 2001
|
| 100 |
1 |
|
|a Ružan, Pavol,
|d 1922-
|4 aut
|9 134490
|
| 245 |
1 |
0 |
|a Erby miest a obcí južného Zemplína
|c Pavol Ružan
|
| 250 |
|
|
|a [1. vyd.]
|
| 260 |
|
|
|a Trebišov
|b Zemplínska knižnica v Trebišove
|c 2012
|
| 300 |
|
|
|a 37 s.
|b ilustr.
|c 21 cm.
|
| 500 |
|
|
|a Hrebeňová väzba
|
| 504 |
|
|
|a Obsahuje bibliogr. odkazy
|
| 650 |
0 |
7 |
|a erby
|2 SNKPH
|9 18910
|
| 650 |
0 |
7 |
|a mestské erby
|2 SNKPH
|9 57249
|
| 650 |
0 |
7 |
|a obecné erby
|2 SNKPH
|9 72784
|
| 650 |
0 |
7 |
|a rodové znaky
|2 SNKPH
|9 63403
|
| 650 |
0 |
7 |
|a heraldika
|2 SNKPH
|9 3642
|
| 650 |
0 |
7 |
|a Family coats of arms
|2 SNKPHeng
|9 324047
|
| 650 |
0 |
7 |
|a Heraldry
|2 SNKPHeng
|9 324048
|
| 651 |
|
7 |
|a Zemplín (Slovensko : región)
|2 SNKPH
|9 16697
|
| 651 |
|
7 |
|a Zemplín (Slovakia : region)
|2 SNKPHeng
|9 169051
|
| 655 |
|
7 |
|a informačné publikácie
|2 SNKPH
|9 70181
|
| 655 |
|
7 |
|a Information publications
|2 SNKPHeng
|9 265188
|
| 710 |
2 |
|
|a Zemplínska knižnica v Trebišove
|4 pbl
|9 145766
|
| 852 |
|
|
|a Slovenská národná knižnica
|
| 919 |
|
|
|a 978-80-970954-2-0
|
| 954 |
|
|
|u odborná, vedecká literatúra pôvodná (slovenská)
|2 lita
|
| 958 |
|
|
|a NB
|
| 999 |
|
|
|c 692014
|d 693944
|
| 952 |
|
|
|a SNK
|b SNK
|y PREZ
|7 0
|p 17A1062568
|o snkOSC 26398
|i snk2013/3213
|8 0
|0 0
|1 0
|4 0
|d 2013-02-11
|l 0
|r 2026-02-23 20:30:36
|w 2026-02-23
|